000 00419 a2200169 4500
001 189628
020 _a
040 _cMagnum
100 _aRibeiro, Raphael Rajão
240 1 0 _aBelo Horizonte: regional leste
_lpor
245 1 0 _aBelo Horizonte: regional leste
300 _a73
362 0 _a2008
440 1 _aArquivo Público da Cidade de Belo Horizonte
697 _aLITERATURA INFANTO-JUVENIL
942 _cBK
999 _c189628
_d189628